000 00722nam a2200265Ia 4500
003 OSt
005 20221006144637.0
006 a|||||r|||| 00| 0
007 ta
008 221006b |||||||| |||| 00| 0 chi d
020 _a7800930017Z
_cYu 38.50
024 _a12,225
037 _bGift, PRC
_cTextual
040 _aEASL
_cEASL
_bchi
041 _2chi
_achi
082 _aP41,4k, N2
100 _aWANG Shi Ed.
_9652514
245 0 _aXinbian Shiyong chengyu cidian
260 _aBeijing
_bZhongguo Huanjing Kexue Chubanshe China
_c1992
300 _a1495p.
_ccm.
490 _v RR
650 _aCL
_9642733
942 _hP41,4k, N2
_cTEXL
_2CC
999 _c1080311
_d1080311